LEADER 01027nam a2200217 i 4500 001 000000158942 003 CaOOAMICUS 005 20070214000000.0 008 070214s2006 it u000 u ita u 013 $a136305 040 $aSeMil$bita 245 10$a[B :$bCorollario Missionario Euntes]. 260 $aTrezzano sul Naviglio (Mi) :$bCentro culturale di Trezzano sul Naviglio,$c2006. 300 $a400 p. :$bricc. ill. ;$c31 cm. 650 4$aMissioni - Cooperazione.$0(OLS)http://semarc/subject/17078 773 0 $t[Alla Ricerca delle Mie ... Radici!].$bEd. f. c.$dTrezzano sul Naviglio (Mi) : Centro culturale di Trezzano sul Naviglio, 2005-2006.$w()17263 850 $aSeMil 852 $aSeMil$W1$xVenegono$y1$m3V VI 129$j110530$B110530$CSeMilBibl$Z2$F120899 $81 961 $aOmaggio: Tettamanzi Card. Dionigi 996 $6245$a[B :$bCorollario Missionario Euntes]$9(OLS)http://semarc/title/140662 996 $6260$aTrezzano sul Naviglio (Mi) :$bCentro culturale di Trezzano sul Naviglio$9(OLS)http://semarc/publisher/34605 LEADER 00806nam a2200193 i 4500 001 000000067792 003 CaOOAMICUS 005 20230824091251.0 008 990317n gw u000 u ger u 040 $aSeMil$bita 245 10$aTheologische Realenzyklopädie :$bAbkürzungsverzeichnis. 300 $aXVIII, 398 p. ;$c26 cm. 700 1 $aSchwertner, Siegfried M.,$d<1936-2012>.$0(OLS)http://semarc/name/33892 773 0 $tTheologische Realenzyklopädie.$dBerlin ; New York : De Gruyter, 1976.$z3-11-002218-4$w()6702 850 $aSeMil 852 $aSeMil$W1$xVenegono$y1$mSL1.Q III 14$j33945$B33945$CSeMilBibl$Z2$F33948 $8I 961 $aAcquisto: De Gruyter 996 $6245$aTheologische Realenzyklopädie :$bAbkürzungsverzeichnis$9(OLS)http://semarc/title/445254